000
00253nam a22001097a 4500
082
_a
741.642
100
_a
Prannath Kishor
_9
83493
245
_a
The Mighty Tale of Hanuman
260
_a
Delhi
_b
Apple Book
_c
2016
650
_a
Children book
942
_c
BK
999
_c
68430
_d
68430